Normal view MARC view
  • AUTHORS 20TH CENTURY BIOGRAPHY INDEXES

Entry Topical Term

Number of records used in: 1

001 - CONTROL NUMBER

  • control field: 67178

003 - CONTROL NUMBER IDENTIFIER

  • control field: NUST

005 - DATE AND TIME OF LATEST TRANSACTION

  • control field: 20210628203747.0

008 - FIXED-LENGTH DATA ELEMENTS

  • fixed length control field: 210628|| aca||aabn | a|a d

040 ## - CATALOGING SOURCE

  • Original cataloging agency: NUST
  • Transcribing agency: NUST

150 ## - HEADING--TOPICAL TERM

  • Topical term or geographic name entry element: AUTHORS 20TH CENTURY BIOGRAPHY INDEXES

670 ## - SOURCE DATA FOUND

  • Source citation: Work cat.: (NUST): MCNEIL, BARBARA 67177, TWENTIETH CENTURY AUTHOR BIOGRAPHY MASTER INDEX, A CONSOLIDATED INDEX TO MORE THAN 170000 BIOGRAPHICAL SKETCHES CONCERNING MODERN DAY AUTHORS ETC, 1984
© 2023 Central Library, National University of Sciences and Technology. All Rights Reserved.